Guía de la música contemporánea
Uloženo v:
| Hlavní autor: | |
|---|---|
| Médium: | Kniha |
| Jazyk: | španělština |
| Vydáno: |
Madrid
Taurus
1966
|
| Edice: | Ser y Tiempo, 36
|
| Témata: | |
| Tagy: |
Přidat tag
Žádné tagy, Buďte první, kdo vytvoří štítek k tomuto záznamu!
|
MARC
| LEADER | 00000nam a2200000 a 4500 | ||
|---|---|---|---|
| 001 | UCN2470 | ||
| 003 | CL-VaPUC | ||
| 005 | 20231023103347.0 | ||
| 008 | 010518e19660000SP |||||||||||||||||spa|d | ||
| 999 | |c 295571 |d 295569 | ||
| 040 | |c Pontificia Universidad Católica de Valparaíso | ||
| 082 | 0 | 4 | |a 780.904 GRA 1966 |2 21 |
| 100 | 0 | |a Gräter, Manfred |e author |9 458396 | |
| 245 | 1 | 0 | |a Guía de la música contemporánea |
| 260 | |a Madrid |b Taurus |c 1966 | ||
| 300 | |a 288 p | ||
| 490 | 0 | |a Ser y Tiempo, 36 | |
| 583 | |a last modification |c 20010518 00:00:00 |k Rodrigo Vera | ||
| 650 | 0 | |a Música historia y crítica |9 269146 | |
| 650 | 0 | |a Música contemporánea |9 306742 | |
| 650 | 0 | |a Compositores |9 306451 | |
| 650 | 0 | |a Música, siglo 20 |9 324961 | |
| 942 | |c BK |2 ddc | ||
| 945 | |d 20010518 00:00:00 |a crobeson | ||
| 952 | |0 0 |1 0 |2 ddc |4 0 |6 780_904000000000000_GRA_1966 |7 0 |8 A |9 348828 |a BIBEDU |b BIBEDU |d 2019-11-20 |i 1184156 |l 1 |o 780.904 GRA 1966 |p 1184156 |r 2024-10-07 |s 2024-10-01 |w 2019-11-20 |y BK |k MUS | ||